000
00310nam a2200133Ia 4500
005
20251222144909.0
008
251222s9999||||xx |||||||||||||| ||spa||
020
_a
88-17-00536-3
082
_a
288.7/A62
100
_a
Antonini, Luca
245
0
_a
Un "io" per lo sviluppo
264
_b
RCS Libri
942
_c
LIB
999
_c
22257
_d
22257